| 000 | 00416nam a2200181Ia 4500 | ||
|---|---|---|---|
| 005 | 20241002032811.0 | ||
| 008 | 240331s9999 xx 000 0 und d | ||
| 020 | _a041511052 | ||
| 082 |
_bDAV _a809 |
||
| 100 | _aDavies, T | ||
| 245 | 0 | _aHumanism | |
| 260 |
_aLondon _bRoutledge _c1997 |
||
| 300 | _avi, 152 p ., | ||
| 650 | _aCriticism | ||
| 650 | _aPhilosophy | ||
| 650 | _aHumanism in Literature | ||
| 942 | _cL | ||
| 999 |
_c3151 _d3151 |
||